LDR 00697naa#a2200181#i#450# 001 EN\INFRA-M\bibl\122805 005 20260515114227.5 011 ## _a1998-0701 100 ## _a20260430b2026####ek#y0engy0150####ca 102 ## _aRU 200 1# _aAnalysis of the Financial and Economic Activities of Legal Entities and Individual Entrepreneurs by the Federal Tax Service _eJournal article 210 1# _aMoscow _cINFRA-M Academic Publishing LLC. _d2026 215 ## _a6 с. 608 ## _aJournal article _2local 675 ## _aЭкономика. Народное хозяйство. Экономические науки. 33 _z 700 #1 _aArabyan _gKnarik Karapetova 700 #1 _aGuskov _gSergei Viktorovich 856 4# _anaukaru.ru _u